Physico-mechanical properties investigation of innovative sustainable construction material (Record no. 115562)

MARC details
000 -LEADER
fixed length control field 01503cad a2200277 4500
001 - CONTROL NUMBER
control field L158879
008 - FIXED-LENGTH DATA ELEMENTS--GENERAL INFORMATION
fixed length control field 100215n2013 000 0 eng u
020 ## - INTERNATIONAL STANDARD BOOK NUMBER
International Standard Book Number 9781783210305
035 ## - SYSTEM CONTROL NUMBER
System control number (Sirsi) u158879
041 ## - LANGUAGE CODE
Language code of text/sound track or separate title eng
100 1# - MAIN ENTRY--PERSONAL NAME
Personal name Raut, Ashwin N.
111 2# - MAIN ENTRY--MEETING NAME
Meeting name or jurisdiction name as entry element Construction and Building Research Conference
Location of meeting IIT Delhi, New Delhi
Date of meeting or treaty signing 10-12 September 2013
245 00 - TITLE STATEMENT
Title Physico-mechanical properties investigation of innovative sustainable construction material
Medium [electronic resource]
260 ## - PUBLICATION, DISTRIBUTION, ETC.
Place of publication, distribution, etc. London
Name of publisher, distributor, etc. RICS
Date of publication, distribution, etc. 2013
490 #0 - SERIES STATEMENT
Series statement COBRA
Volume/sequential designation 2013
520 ## - SUMMARY, ETC.
Summary, etc. A paper presented at the COBRA Conference in New Delhi on 10-12 September 2013. Investigates the application of sugarcane bagasse ash (SBA), crusher dust (CD) and lime (L) for producing sustainable, energy efficient and light weight bricks. From experimentation it was observed that SBA-CD-L have higher compressive strength (200%), lower density (12 - 20%),and better finish surface and economical in comparison with commercially available conventional burnt clay bricks. The proposed innovative sustainable construction material can further be manufactured at large scale for better technology transfer to the community.
650 24 - SUBJECT ADDED ENTRY--TOPICAL TERM
Topical term or geographic name entry element CONSTRUCTION AND BUILDING RESEARCH CONFERENCE (COBRA)
650 24 - SUBJECT ADDED ENTRY--TOPICAL TERM
Topical term or geographic name entry element BRICKS
650 24 - SUBJECT ADDED ENTRY--TOPICAL TERM
Topical term or geographic name entry element SUSTAINABLE WASTE MANAGEMENT
650 24 - SUBJECT ADDED ENTRY--TOPICAL TERM
Topical term or geographic name entry element WASTE PRODUCT
651 #4 - SUBJECT ADDED ENTRY--GEOGRAPHIC NAME
Geographic name India
690 ## - LOCAL SUBJECT ADDED ENTRY--TOPICAL TERM (OCLC, RLIN)
Topical term or geographic name as entry element Sustainability
9 (RLIN) 6271
700 1# - ADDED ENTRY--PERSONAL NAME
Personal name Madurwar, Mangesh V.
700 1# - ADDED ENTRY--PERSONAL NAME
Personal name Ralegaonkar, Rahul V.
942 ## - ADDED ENTRY ELEMENTS (KOHA)
Suppress in OPAC 0
Holdings
Withdrawn status Lost status Source of classification or shelving scheme Damaged status Not for loan Home library Current library Shelving location Date acquired Total Checkouts Full call number Barcode Date last seen Copy number Price effective from Koha item type
    Dewey Decimal Classification     Virtual Virtual Online 02/09/2015   ONLINE PUBLICATION 158879-2001 06/08/2019 1 06/08/2019 Book